Countries the US Invaded - Statistics

General Stats
  • This quiz has been taken 46 times
  • The average score is 16 of 37
Answer Stats
Action Country % Correct
Military Japan
93%
Military Germany
88%
Military Mexico
88%
Military Iraq
84%
Military Afghanistan
81%
Military France
81%
Military Canada
77%
Military Vietnam
77%
Military Italy
72%
Covert Philippines
70%
Military Panama
65%
Military Libya
53%
Military Syria
49%
Covert Brazil
47%
Covert Cambodia
47%
Military Grenada
47%
Military Haiti
44%
Military Laos
40%
Military Netherlands
40%
Military Algeria
37%
Covert Chile
37%
Covert Indonesia
37%
Military Lebanon
33%
Military Hungary
28%
Military Serbia
28%
Military Bulgaria
26%
Covert Ecuador
26%
Military Romania
26%
Military Ireland
23%
Military Bosnia and Herzegovina
19%
Covert Angola
14%
Military Kiribati
12%
Military Paraguay
12%
Military Cyprus
9%
Military Fiji
7%
Covert Ghana
7%
Military Timor-Leste
0%
No matching quizzes found
Score Distribution
Percent of People with Each Score
Percentile by Number Answered
Your Score History
You have not taken this quiz